000 00587nam a2200229 i 4500
001 C2-0072987
003 PPAK
005 20190630222221.0
008 970429s1980 enk |||| ||||| | eng d
020 _a0719536626
040 _aPPAK
_beng
_cPPAK
_erda
082 0 4 _a823.01089282
_223
090 0 0 _a823.01089282
_bADV
_dG
245 0 0 _aAdventure
264 1 _aLondon :
_bJohn Murray ,
_c1980
300 _a122 pages ;
_c20 cm
336 _2rdacontent
_atext
337 _2rdamedia
_aunmediated
338 _2rdacarrier
_avolume
700 1 _aGibson, James,
_ecompile
942 _ddc
_cB
999 _c9757
_d9757